00936cam a22002651 4500001001300000003000400013005001700017007001500034008004100049010001700090035001900107040004600126042001200172050002100184110004100205245009000246260004300336300002600379500001900405500004600424530006900470650001800539610006200557856005100619f 17000186 DLC20260227111248.0cr_|||||||||||800417s1917 dcua f000 0 eng c af 17000186  a(OCoLC)6213990 aLibrary, U.S. Bur. of FisheriescOCldDLC apremarc00aSH35.M2bA5 19171 aUnited States.bBureau of Fisheries.00aWork of the Bureau of fisheries and its fish-cultural station at Boothbay Harbor, Me. aWashington,bGovt. print. off.,c1917. a13 p.billus.c23 cm. aCaption title. aAt head of title: Department of commerce. aAlso available in digital form on the Internet Archive Web site. 0aFish-culture.20aUnited States fish-cultural station, Boothbay Harbor, Me.41uhttp://hdl.loc.gov/loc.gdc/scd0001.00028581129